All the stars - Kendrick Lamar ft SZA Lyrics - Statistics

General Stats
  • This quiz has been taken 132 times
  • The average score is 334 of 466
Answer Stats
Answer % Correct
a
99%
A
99%
the
98%
I
97%
stars
97%
All
96%
all
96%
let
93%
me
93%
you
93%
you?
93%
You
93%
are
90%
closer
90%
know
88%
be
86%
do
85%
Love,
84%
love
84%
about
83%
go
83%
Is
82%
night
82%
talk
82%
let's
81%
may
81%
it
80%
and
79%
And
79%
that
79%
feel
78%
to
78%
your
77%
in
76%
everything
75%
my
75%
no
74%
No
74%
for?
73%
for
73%
For
73%
what
73%
anything
72%
'cause
71%
feeling
71%
might
71%
want
71%
like
70%
Like
70%
don't
68%
dreams
67%
gon'
67%
can
66%
Tell
66%
even
64%
This
64%
F*ck
63%
Or
63%
or
63%
who
62%
ain't
61%
out
61%
But
60%
haunt
60%
can't
58%
nothin'
58%
bring
57%
new
57%
truth
57%
congratulations
56%
with
55%
of
54%
That's
54%
that's
54%
at
51%
expectations
51%
Look
51%
Confrontation
50%
dealin'
50%
did
50%
hate
50%
I'm
50%
We
50%
bullet,
49%
invite
49%
Mothaf*cka,
49%
sh*t
49%
story?
49%
Get
48%
get
48%
hoped
48%
Oh,
48%
Oh
48%
people
48%
how
47%
How
47%
crazy
46%
find
45%
on,
45%
entitled
44%
gift
44%
if
44%
mama,
44%
moral
44%
way
44%
Skin
43%
time
42%
sword,
41%
talkin'
41%
didn't
40%
realest
40%
It's
39%
it's
39%
runnin'
39%
Corrupt
36%
ego
36%
heart
36%
conversation
35%
recognize
35%
confidence
34%
man's
34%
promises
34%
reason
34%
losin'
32%
calculated
31%
cry
31%
just
31%
life,
31%
life
31%
live
31%
approach
30%
credit
30%
good?
30%
pray
29%
winnin'
29%
morgue
28%
false
27%
endorsin'?
26%
small
26%
Better
25%
important?
25%
away
24%
covered
24%
from
24%
buildin'
22%
down
22%
percentage
21%
bad
20%
breathin'
19%
rebound,
18%
day
17%
involved
17%
yeah
15%
another
14%
hours
12%
been
11%
control
11%
off
11%
You'd
11%
thank
9%
ya
6%
bringin'
5%
switch
5%
wrong,
4%
turn
3%
leave
2%
No matching quizzes found
Score Distribution
Percent of People with Each Score
Percentile by Number Answered
Your Score History
You have not taken this quiz